[Event "Stay Safe Play From Home 392"]
[Site "Emanuel Lasker Arena"]
[Date "2020.08.18"]
[Round "7"]
[White "NTBT_DHS"]
[Black "Lamborghini"]
[Result "0-1"]
[WhiteElo "2552"]
[BlackElo "2352"]
[Annotator "TA"]
[PlyCount "128"]
[EventDate "2020.08.18"]
[EventType "swiss (blitz)"]

{[%evp 9,127,39,60,9,44,48,83,67,69,29,41,29,27,32,18,27,51,57,70,67,70,53,72,0,-6,-54,-17,-36,-25,-27,162,174,156,-29,491,478,671,351,1650,1593,1799,1738,1468,937,904,874,1879,1416,1104,-2193,-2110,-2503,-2439,-29984,-29984,-29990,-29990,-29990,-29991,-29991,-29990,-29990,-29991,-29991,-29992,-29992,-29993,-29993,-29994,-29994,-29991,-29991,-29991,-29991,-29992,-29992,-29992,-29993,-29993,-29993,-29992,-29992,-29993,-29993,-29993,-29993,-29990,-29990,-29991,-29992,-29993,-29993,-12850,-29995,-29996,-29996,-29995,-29995,-29996,-29996,-29994,-29994,-29995,-29995,-29996,-29999,-12850,-29997,-12850,-29997,-29997,-29998,-29996,-29997,-29998,-29998,-29998,-29998,-29999,-29999]} 1. d4 Nf6 2. Nc3 g6 3. Bg5 Bg7 4. e4 h6 5. Bh4 d6 6. e5 {B07: Pirc Defence: Miscellaneous Systems.} (6. f4 $14) 6... Nfd7 7. f4 Nb6 8. Nf3 {[#] White is better.} O-O $146 ({Predecessor:} 8... Bf5 9. h3 dxe5 10. Nxe5 c6 11. Qe2 g5 12. Bf2 Nd5 13. fxg5 Nxc3 14. bxc3 Qa5 {1-0 (40) Feygin,M (2491)-Gulbas,C (2363) Enschede 2004}) 9. a4 a5 10. Bd3 Nc6 11. O-O Nb4 12. Be4 d5 13. Bd3 $1 Nxd3 14. Qxd3 Bf5 15. Qe2 c6 16. Nd2 (16. Nd1 $16) 16... Bxc2 17. g4 (17. Rac1 $5 {[%cal Rc1c2]} Bf5 18. g4 $15) 17... Qd7 18. Rac1 Bxa4 19. f5 Rfe8 $2 {[#]} (19... Bb5 $11 {and Black stays safe.} 20. Nxb5 cxb5) 20. e6 $1 $36 {[%cal Re6d7][%mdl 2048] White has strong initiative.} ({Weaker is} 20. fxg6 fxg6 21. b3 (21. Nxa4 Nxa4 22. Nb3 Rf8 $17) 21... Bb5 $17) 20... fxe6 ({Not} 20... Bxd4+ $2 21. Bf2 $18) 21. fxe6 $2 ({White has to play} 21. fxg6 $16 {aiming for g5.} Bxd4+ 22. Bf2) 21... Bxd4+ $2 {[%mdl 8192] [#]} (21... Qd6 $11 22. Bg3 Qb4) 22. Kh1 $1 Qd8 (22... Qd6 $142) 23. Nxa4 {Black must now prevent Qd3!} Nxa4 $2 {[#]} (23... Bg7 24. Qd3 Kh7) 24. Qd3 $1 {[%csl LRd4,LRg6][%mdl 576] Double Attack} Bg7 25. Qxg6 {Intending Rf7 and mate.} Rf8 {[#]} 26. Rf7 $1 {[%mdl 512]} Rxf7 27. exf7+ Kf8 28. Nf3 {White threatens Nd4! and mate.} Qd6 29. Re1 $4 {[%mdl 8192]} (29. Qh7 $18 Kxf7 30. Re1) 29... Qxg6 $19 30. Bxe7+ Kxf7 31. h3 Re8 32. Nh4 Qc2 33. Rf1+ Kg8 34. Nf5 Qe4+ 35. Kh2 Rxe7 36. Rf2 Be5+ 37. Kg1 {[#]} Bd4 $1 38. Nxd4 Qxd4 39. Kg2 {[#]} Qxf2+ $1 40. Kxf2 Nxb2 41. Kf3 Nd3 42. h4 c5 43. g5 c4 44. Kg4 Kh7 45. Kf5 hxg5 46. Kf6 Rg7 47. hxg5 {[#]} Rxg5 $1 48. Kxg5 c3 49. Kf5 c2 50. Ke6 c1=Q (50... Nf4+ $142 51. Kf5 c1=Q 52. Kg4 Qe3 53. Kg5 d4 54. Kf6 Qe6+ 55. Kg5 Ng6 56. Kh5 Qf5#) 51. Kf5 Qc4 52. Ke6 Qe4+ 53. Kd6 d4 54. Kd7 Nf2 55. Kd6 d3 56. Kc5 d2 57. Kb5 d1=Q (57... Qb4# $142) 58. Kb6 Qec2 (58... Qd8+ $142 59. Ka7 Qed4+ 60. Kxb7 Q4b6#) 59. Ka7 Qdb1 {Black mates.} 60. Kb8 b5 61. Ka7 Qc6 62. Kb8 Qbg6 63. Ka7 Qb6+ 64. Ka8 Qe8# {Quite a comeback for Black. Accuracy: White = 49%, Black = 37%.} 0-1

[Event "Stay Safe Play From Home 392"]
[Site "Emanuel Lasker Arena"]
[Date "2020.08.18"]
[Round "7"]
[White "IceQueen"]
[Black "Stefanone"]
[Result "1-0"]
[WhiteElo "2372"]
[BlackElo "1922"]
[PlyCount "55"]
[EventDate "2020.08.18"]
[EventType "swiss (blitz)"]

1. e4 {[%emt 0:00:01]} d6 {[%emt 0:00:00]} 2. Nc3 {[%emt 0:00:00]} g6 {[%emt 0:00:00]} 3. Nf3 {[%emt 0:00:00]} Bg7 {[%emt 0:00:00]} 4. d3 {[%emt 0:00:00]} Nc6 {[%emt 0:00:00]} 5. h4 {[%emt 0:00:00]} e5 {[%emt 0:00:00]} 6. h5 {[%emt 0:00:00]} Nf6 {[%emt 0:00:01]} 7. h6 {[%emt 0:00:00]} Bf8 {[%emt 0:00:01]} 8. d4 {[%emt 0:00:01]} Be7 {[%emt 0:00:01]} 9. d5 {[%emt 0:00:01]} Nb8 {[%emt 0:00:01]} 10. Bb5+ {[%emt 0:00:00]} Nbd7 {[%emt 0:00:01]} 11. Bg5 {[%emt 0:00:02]} O-O {[%emt 0:00:01]} 12. Qd2 {[%emt 0:00:01]} Ne8 {[%emt 0:00:01]} 13. Bxe7 {[%emt 0:00:02]} Qxe7 {[%emt 0:00:00]} 14. O-O-O {[%emt 0:00:00]} f5 {[%emt 0:00:01]} 15. exf5 {[%emt 0:00:01]} gxf5 {[%emt 0:00:00]} 16. Nh4 {[%emt 0:00:00]} Ndf6 {[%emt 0:00:01]} 17. Rde1 {[%emt 0:00:01]} f4 {[%emt 0:00:02]} 18. f3 {[%emt 0:00:01]} a6 {[%emt 0:00:03]} 19. Bd3 {[%emt 0:00:00]} b5 {[%emt 0:00:01]} 20. Ne4 {[%emt 0:00:00]} Nxe4 {[%emt 0:00:02]} 21. Bxe4 {[%emt 0:00:00]} Bd7 {[%emt 0:00:01]} 22. Reg1 {[%emt 0:00:02]} Nf6 {[%emt 0:00:01]} 23. g3 {[%emt 0:00:01]} fxg3 {[%emt 0:00:02]} 24. Rxg3+ {[%emt 0:00:01]} Kh8 {[%emt 0:00:01]} 25. Rg7 {[%emt 0:00:00]} Qe8 {[%emt 0:00:02]} 26. Qg5 {[%emt 0:00:03]} Rg8 {[%emt 0:00:02]} 27. Qxf6 {[%emt 0:00:01]} Rxg7 {[%emt 0:00:01]} 28. Qxg7# {[%emt 0:00:00] (Lag: Av=0.27s, max=0.3s) (Lag: Av=0.27s, max=0.3s) (Lag: Av=0.27s, max=0.3s)} 1-0

[Event "Stay Safe Play From Home 392"]
[Site "Emanuel Lasker Arena"]
[Date "2020.08.18"]
[Round "7"]
[White "AChessPlayer"]
[Black "SashaGrebeniuc"]
[Result "1-0"]
[WhiteElo "2347"]
[BlackElo "1094"]
[PlyCount "57"]
[EventDate "2020.08.18"]
[EventType "swiss (blitz)"]

1. Nf3 {[%emt 0:00:01]} Nc6 {[%emt 0:00:02]} 2. d4 {[%emt 0:00:00]} Nf6 {[%emt 0:00:01]} 3. Bg5 {[%emt 0:00:01]} d5 {[%emt 0:00:02]} 4. Bxf6 {[%emt 0:00:01]} exf6 {[%emt 0:00:03]} 5. e3 {[%emt 0:00:00]} g6 {[%emt 0:00:02]} 6. g3 {[%emt 0:00:01]} Bg7 {[%emt 0:00:01]} 7. Bg2 {[%emt 0:00:00]} Bd7 {[%emt 0:00:01]} 8. O-O {[%emt 0:00:00]} O-O {[%emt 0:00:01]} 9. b3 {[%emt 0:00:01]} f5 {[%emt 0:00:01]} 10. c4 {[%emt 0:00:01]} Be6 {[%emt 0:00:03]} 11. cxd5 {[%emt 0:00:05]} Bxd5 {[%emt 0:00:02]} 12. Nc3 {[%emt 0:00:00]} Bxf3 {[%emt 0:00:01]} 13. Qxf3 {[%emt 0:00:01]} Rb8 {[%emt 0:00:03]} 14. Rac1 {[%emt 0:00:01]} Nb4 {[%emt 0:00:02]} 15. a3 {[%emt 0:00:02]} Na6 {[%emt 0:00:04]} 16. b4 {[%emt 0:00:01]} c6 {[%emt 0:00:03]} 17. Rfd1 {[%emt 0:00:01]} Nc7 {[%emt 0:00:01]} 18. h4 {[%emt 0:00:01]} Qc8 {[%emt 0:00:01]} 19. h5 {[%emt 0:00:01]} Re8 {[%emt 0:00:02]} 20. d5 {[%emt 0:00:01]} cxd5 {[%emt 0:00:02]} 21. Nxd5 {[%emt 0:00:00]} Nxd5 {[%emt 0:00:06]} 22. Rxc8 {[%emt 0:00:01]} Nxe3 {[%emt 0:00:01]} 23. Rxe8+ {[%emt 0:00:01]} Rxe8 {[%emt 0:00:02]} 24. fxe3 {[%emt 0:00:00]} Bb2 {[%emt 0:00:03]} 25. hxg6 {[%emt 0:00:01]} Bxa3 {[%emt 0:00:01]} 26. Qxb7 {[%emt 0:00:00]} fxg6 {[%emt 0:00:03]} 27. Bd5+ {[%emt 0:00:00]} Kh8 {[%emt 0:00:02]} 28. Qf7 {[%emt 0:00:00]} Bxb4 {[%emt 0:00:01]} 29. Qf6# {[%emt 0:00:00] (Lag: Av=0.74s, max=1.5s) (Lag: Av=0.74s, max=1.5s) (Lag: Av=0.74s, max=1.5s)} 1-0

[Event "Stay Safe Play From Home 392"]
[Site "Emanuel Lasker Arena"]
[Date "2020.08.18"]
[Round "7"]
[White "TheCHESSHOUSE"]
[Black "Tran Minh Thang"]
[Result "0-1"]
[WhiteElo "2009"]
[BlackElo "2496"]
[PlyCount "60"]
[EventDate "2020.08.18"]
[EventType "swiss (blitz)"]

1. d4 {[%emt 0:00:01]} Nf6 {[%emt 0:00:01]} 2. c4 {[%emt 0:00:01]} b6 {[%emt 0:00:00]} 3. Nc3 {[%emt 0:00:01]} Bb7 {[%emt 0:00:00]} 4. Nf3 {[%emt 0:00:01]} e6 {[%emt 0:00:01]} 5. g3 {[%emt 0:00:01]} Be7 {[%emt 0:00:01]} 6. Bg2 {[%emt 0:00:01]} O-O {[%emt 0:00:00]} 7. O-O {[%emt 0:00:01]} Ne4 {[%emt 0:00:00]} 8. Qc2 {[%emt 0:00:01]} Nxc3 {[%emt 0:00:01]} 9. bxc3 {[%emt 0:00:00]} d5 {[%emt 0:00:01]} 10. cxd5 {[%emt 0:00:01]} exd5 {[%emt 0:00:00]} 11. Ne5 {[%emt 0:00:01]} Bf6 {[%emt 0:00:03]} 12. e4 {[%emt 0:00:02]} Bxe5 {[%emt 0:00:05]} 13. dxe5 {[%emt 0:00:01]} dxe4 {[%emt 0:00:00]} 14. Bxe4 {[%emt 0:00:00]} Bxe4 {[%emt 0:00:00]} 15. Qxe4 {[%emt 0:00:01]} Na6 {[%emt 0:00:00]} 16. Be3 {[%emt 0:00:01]} Qe7 {[%emt 0:00:02]} 17. Rad1 {[%emt 0:00:02]} Rad8 {[%emt 0:00:02]} 18. Qa4 {[%emt 0:00:03]} Nc5 {[%emt 0:00:01]} 19. Bxc5 {[%emt 0:00:04]} Qxc5 {[%emt 0:00:01]} 20. Qxa7 {[%emt 0:00:05]} Qxe5 {[%emt 0:00:01]} 21. Qa3 {[%emt 0:00:02]} Ra8 {[%emt 0:00:02]} 22. Qb4 {[%emt 0:00:01]} Rxa2 {[%emt 0:00:01]} 23. Rfe1 {[%emt 0:00:00]} Qf6 {[%emt 0:00:01]} 24. Rf1 {[%emt 0:00:01]} h6 {[%emt 0:00:02]} 25. Rd7 {[%emt 0:00:01]} c5 {[%emt 0:00:01]} 26. Qg4 {[%emt 0:00:02]} Re8 {[%emt 0:00:02]} 27. Rb7 {[%emt 0:00:01]} Ree2 {[%emt 0:00:03]} 28. Qc8+ {[%emt 0:00:10]} Kh7 {[%emt 0:00:01]} 29. Rxb6 {[%emt 0:00:02]} Qxb6 {[%emt 0:00:02]} 30. Qf5+ {[%emt 0:00:01]} Qg6 {[%emt 0:00:00] TheCHESSHOUSE resigns TheCHESSHOUSE resigns TheCHESSHOUSE resigns (Lag: Av=0.93s, max=1.5s) (Lag: Av=0.93s, max=1.5s) (Lag: Av=0.93s, max=1.5s)} 0-1

[Event "Stay Safe Play From Home 392"]
[Site "Emanuel Lasker Arena"]
[Date "2020.08.18"]
[Round "7"]
[White "Fat Kevin"]
[Black "Trotsky"]
[Result "1-0"]
[WhiteElo "1933"]
[BlackElo "1609"]
[PlyCount "45"]
[EventDate "2020.08.18"]
[EventType "swiss (blitz)"]

1. d4 {[%emt 0:00:04]} d5 {[%emt 0:00:01]} 2. c4 {[%emt 0:00:01]} e6 {[%emt 0:00:00]} 3. cxd5 {[%emt 0:00:01]} exd5 {[%emt 0:00:01]} 4. Nc3 {[%emt 0:00:00]} c5 {[%emt 0:00:01]} 5. Nf3 {[%emt 0:00:00]} c4 {[%emt 0:00:01]} 6. Bf4 {[%emt 0:00:01]} Nc6 {[%emt 0:00:01]} 7. e3 {[%emt 0:00:00]} a6 {[%emt 0:00:01]} 8. Be2 {[%emt 0:00:01]} Bd6 {[%emt 0:00:01]} 9. O-O {[%emt 0:00:01]} Qc7 {[%emt 0:00:01]} 10. Nxd5 {[%emt 0:00:05]} Qb8 {[%emt 0:00:03]} 11. Nb6 {[%emt 0:00:02]} Ra7 {[%emt 0:00:01]} 12. Nxc8 {[%emt 0:00:01]} Qxc8 {[%emt 0:00:07]} 13. Bxd6 {[%emt 0:00:02]} Nf6 {[%emt 0:00:01]} 14. Bc5 {[%emt 0:00:01]} Ra8 {[%emt 0:00:02]} 15. d5 {[%emt 0:00:01]} Ne7 {[%emt 0:00:03]} 16. Bxe7 {[%emt 0:00:01]} Kxe7 {[%emt 0:00:01]} 17. d6+ {[%emt 0:00:01]} Kd7 {[%emt 0:00:01]} 18. Ne5+ {[%emt 0:00:01]} Ke6 {[%emt 0:00:02]} 19. Nxc4 {[%emt 0:00:05]} Qd7 {[%emt 0:00:05]} 20. Nb6 {[%emt 0:00:01]} Qc6 {[%emt 0:00:02]} 21. Nxa8 {[%emt 0:00:02]} Rxa8 {[%emt 0:00:01]} 22. Bg4+ {[%emt 0:00:02]} Ke5 {[%emt 0:00:04]} 23. Qd4# {[%emt 0:00:02] (Lag: Av=0.22s, max=0.3s) (Lag: Av=0.22s, max=0.3s) (Lag: Av=0.22s, max=0.3s)} 1-0

[Event "Stay Safe Play From Home 392"]
[Site "Emanuel Lasker Arena"]
[Date "2020.08.18"]
[Round "7"]
[White "Ronakkhurana"]
[Black "Mepe_Nika"]
[Result "0-1"]
[WhiteElo "1152"]
[BlackElo "2357"]
[PlyCount "28"]
[EventDate "2020.08.18"]
[EventType "swiss (blitz)"]

1. d4 {[%emt 0:00:02]} c5 {[%emt 0:00:02]} 2. e3 {[%emt 0:00:02]} d5 {[%emt 0:00:01]} 3. Nc3 {[%emt 0:00:02]} Nc6 {[%emt 0:00:01]} 4. Nf3 {[%emt 0:00:01]} Nf6 {[%emt 0:00:01]} 5. Bd3 {[%emt 0:00:03]} Bg4 {[%emt 0:00:01]} 6. O-O {[%emt 0:00:02]} e6 {[%emt 0:00:00]} 7. h3 {[%emt 0:00:03]} Bh5 {[%emt 0:00:01]} 8. g4 {[%emt 0:00:02]} Bg6 {[%emt 0:00:01]} 9. Bd2 {[%emt 0:00:02]} c4 {[%emt 0:00:02]} 10. Bxg6 {[%emt 0:00:03]} hxg6 {[%emt 0:00:00]} 11. g5 {[%emt 0:00:02]} Ne4 {[%emt 0:00:02]} 12. Nxe4 {[%emt 0:00:02]} dxe4 {[%emt 0:00:00]} 13. Ne5 {[%emt 0:00:03]} Qxg5+ {[%emt 0:00:01]} 14. Kh1 {[%emt 0:00:05]} Rxh3# {[%emt 0:00:02] Mate Mate Mate} 0-1

[Event "Stay Safe Play From Home 392"]
[Site "Emanuel Lasker Arena"]
[Date "2020.08.18"]
[Round "8"]
[White "IceQueen"]
[Black "Fat Kevin"]
[Result "1-0"]
[WhiteElo "2374"]
[BlackElo "1938"]
[PlyCount "51"]
[EventDate "2020.08.18"]
[EventType "swiss (blitz)"]

1. e4 {[%emt 0:00:01]} c5 {[%emt 0:00:00]} 2. Nc3 {[%emt 0:00:00]} Nf6 {[%emt 0:00:00]} 3. Nf3 {[%emt 0:00:00]} d5 {[%emt 0:00:01]} 4. exd5 {[%emt 0:00:02]} Nxd5 {[%emt 0:00:00]} 5. Bc4 {[%emt 0:00:01]} e6 {[%emt 0:00:01]} 6. O-O {[%emt 0:00:01]} Nc6 {[%emt 0:00:01]} 7. Re1 {[%emt 0:00:02]} Be7 {[%emt 0:00:01]} 8. Bb5 {[%emt 0:00:00]} O-O {[%emt 0:00:01]} 9. Bxc6 {[%emt 0:00:01]} bxc6 {[%emt 0:00:00]} 10. Ne5 {[%emt 0:00:00]} Qc7 {[%emt 0:00:02]} 11. d3 {[%emt 0:00:02]} Bd6 {[%emt 0:00:02]} 12. Nf3 {[%emt 0:00:02]} Ba6 {[%emt 0:00:03]} 13. Ne4 {[%emt 0:00:01]} c4 {[%emt 0:00:01]} 14. dxc4 {[%emt 0:00:02]} Bxc4 {[%emt 0:00:00]} 15. b3 {[%emt 0:00:00]} Ba6 {[%emt 0:00:02]} 16. c4 {[%emt 0:00:00]} Ne7 {[%emt 0:00:03]} 17. Qxd6 {[%emt 0:00:01]} Qxd6 {[%emt 0:00:02]} 18. Nxd6 {[%emt 0:00:00]} Rfd8 {[%emt 0:00:01]} 19. Ba3 {[%emt 0:00:01]} Ng6 {[%emt 0:00:02]} 20. Rad1 {[%emt 0:00:01]} Nf4 {[%emt 0:00:02]} 21. g3 {[%emt 0:00:00]} Nd5 {[%emt 0:00:01]} 22. cxd5 {[%emt 0:00:01]} cxd5 {[%emt 0:00:00]} 23. Ne5 {[%emt 0:00:04]} f6 {[%emt 0:00:01]} 24. Nef7 {[%emt 0:00:01]} e5 {[%emt 0:00:01]} 25. Nxd8 {[%emt 0:00:01]} Rxd8 {[%emt 0:00:00] Fat Kevin gibt auf Fat Kevin gibt auf Fat Kevin gibt auf} 26. Nf5 {[%emt 0:00:00] (Lag: Av=0.38s, max=0.5s) (Lag: Av=0.38s, max=0.5s) (Lag: Av=0.38s, max=0.5s)} 1-0

[Event "Stay Safe Play From Home 392"]
[Site "Emanuel Lasker Arena"]
[Date "2020.08.18"]
[Round "8"]
[White "Mepe_Nika"]
[Black "Tran Minh Thang"]
[Result "1-0"]
[WhiteElo "2357"]
[BlackElo "2498"]
[PlyCount "125"]
[EventDate "2020.08.18"]
[EventType "swiss (blitz)"]

1. d4 {[%emt 0:00:00]} Nf6 {[%emt 0:00:01]} 2. c4 {[%emt 0:00:00]} e6 {[%emt 0:00:01]} 3. Nc3 {[%emt 0:00:00]} d5 {[%emt 0:00:01]} 4. Nf3 {[%emt 0:00:01]} Bb4 {[%emt 0:00:01]} 5. cxd5 {[%emt 0:00:01]} exd5 {[%emt 0:00:01]} 6. Bg5 {[%emt 0:00:00]} O-O {[%emt 0:00:01]} 7. e3 {[%emt 0:00:01]} b6 {[%emt 0:00:01]} 8. Bd3 {[%emt 0:00:01]} c5 {[%emt 0:00:02]} 9. O-O {[%emt 0:00:02]} Bxc3 {[%emt 0:00:01]} 10. bxc3 {[%emt 0:00:01]} Ba6 {[%emt 0:00:01]} 11. Ne5 {[%emt 0:00:01]} Bxd3 {[%emt 0:00:01]} 12. Qxd3 {[%emt 0:00:00]} h6 {[%emt 0:00:01]} 13. Bh4 {[%emt 0:00:01]} Qd6 {[%emt 0:00:02]} 14. c4 {[%emt 0:00:02]} Nbd7 {[%emt 0:00:08]} 15. cxd5 {[%emt 0:00:06]} Qxd5 {[%emt 0:00:08]} 16. Nxd7 {[%emt 0:00:01]} Nxd7 {[%emt 0:00:01]} 17. Rfd1 {[%emt 0:00:01]} cxd4 {[%emt 0:00:02]} 18. Qxd4 {[%emt 0:00:01]} Qxd4 {[%emt 0:00:00]} 19. Rxd4 {[%emt 0:00:00]} Nc5 {[%emt 0:00:00]} 20. Rad1 {[%emt 0:00:03]} Rfc8 {[%emt 0:00:02]} 21. h3 {[%emt 0:00:02]} f6 {[%emt 0:00:02]} 22. Bg3 {[%emt 0:00:01]} Kf7 {[%emt 0:00:01]} 23. Bd6 {[%emt 0:00:01]} Ne6 {[%emt 0:00:01]} 24. R4d2 {[%emt 0:00:01]} Rd8 {[%emt 0:00:00]} 25. Bb4 {[%emt 0:00:01]} Rxd2 {[%emt 0:00:00]} 26. Rxd2 {[%emt 0:00:00]} Nc5 {[%emt 0:00:01]} 27. Bxc5 {[%emt 0:00:01]} bxc5 {[%emt 0:00:00]} 28. Rd7+ {[%emt 0:00:00]} Ke6 {[%emt 0:00:00]} 29. Rxg7 {[%emt 0:00:01]} c4 {[%emt 0:00:00]} 30. Rc7 {[%emt 0:00:01]} Kd5 {[%emt 0:00:00]} 31. Kf1 {[%emt 0:00:01]} Rb8 {[%emt 0:00:00]} 32. Ke1 {[%emt 0:00:04]} Rb2 {[%emt 0:00:02]} 33. Rxa7 {[%emt 0:00:01]} Ke4 {[%emt 0:00:02]} 34. Rd7 {[%emt 0:00:03]} c3 {[%emt 0:00:01]} 35. Rd4+ {[%emt 0:00:00]} Ke5 {[%emt 0:00:00]} 36. f4+ {[%emt 0:00:03]} Kf5 {[%emt 0:00:01]} 37. g4+ {[%emt 0:00:01]} Kg6 {[%emt 0:00:01]} 38. Kd1 {[%emt 0:00:00]} Rxa2 {[%emt 0:00:02]} 39. Rc4 {[%emt 0:00:01]} Rd2+ {[%emt 0:00:02]} 40. Ke1 {[%emt 0:00:02]} Rd3 {[%emt 0:00:00]} 41. Ke2 {[%emt 0:00:01]} Rd2+ {[%emt 0:00:00]} 42. Kf3 {[%emt 0:00:00]} c2 {[%emt 0:00:01]} 43. Ke4 {[%emt 0:00:00]} h5 {[%emt 0:00:01]} 44. gxh5+ {[%emt 0:00:01]} Kxh5 {[%emt 0:00:00]} 45. Kf5 {[%emt 0:00:00]} Re2 {[%emt 0:00:01]} 46. e4 {[%emt 0:00:01]} Rf2 {[%emt 0:00:02]} 47. Rc8 {[%emt 0:00:01]} Kh4 {[%emt 0:00:01]} 48. Rc3 {[%emt 0:00:01]} Re2 {[%emt 0:00:01]} 49. Kxf6 {[%emt 0:00:01]} Rxe4 {[%emt 0:00:00]} 50. f5 {[%emt 0:00:00]} Re2 {[%emt 0:00:00]} 51. Rc4+ {[%emt 0:00:00]} Kxh3 {[%emt 0:00:01]} 52. Kf7 {[%emt 0:00:00]} Rf2 {[%emt 0:00:00]} 53. f6 {[%emt 0:00:00]} Kg2 {[%emt 0:00:00]} 54. Rc3 {[%emt 0:00:00]} Kf1 {[%emt 0:00:00]} 55. Kf8 {[%emt 0:00:01]} Ke1 {[%emt 0:00:00]} 56. f7 {[%emt 0:00:00]} Rxf7+ {[%emt 0:00:00]} 57. Kxf7 {[%emt 0:00:01]} Kd2 {[%emt 0:00:00]} 58. Rc6 {[%emt 0:00:01]} c1=Q {[%emt 0:00:00]} 59. Rd6+ {[%emt 0:00:00]} Ke1 {[%emt 0:00:01]} 60. Rd7 {[%emt 0:00:00]} Qd2 {[%emt 0:00:00]} 61. Ke8 {[%emt 0:00:00]} Qe2+ {[%emt 0:00:00]} 62. Re7 {[%emt 0:00:00]} Kf1 {[%emt 0:00:00]} 63. Kd8 {[%emt 0:00:00] ' ' ' (Lag: Av=0.76s, max=1.3s) (Lag: Av=0.76s, max=1.3s) (Lag: Av=0.76s, max=1.3s)} 1-0

[Event "Stay Safe Play From Home 392"]
[Site "Emanuel Lasker Arena"]
[Date "2020.08.18"]
[Round "8"]
[White "AChessPlayer"]
[Black "Lamborghini"]
[Result "1-0"]
[WhiteElo "2348"]
[BlackElo "2378"]
[PlyCount "157"]
[EventDate "2020.08.18"]
[EventType "swiss (blitz)"]

1. Nf3 {[%emt 0:00:01]} Nf6 {[%emt 0:00:02]} 2. b3 {[%emt 0:00:01]} g6 {[%emt 0:00:00]} 3. Bb2 {[%emt 0:00:00]} Bg7 {[%emt 0:00:00]} 4. c4 {[%emt 0:00:01]} d6 {[%emt 0:00:00]} 5. g3 {[%emt 0:00:00]} O-O {[%emt 0:00:00]} 6. Bg2 {[%emt 0:00:00]} e5 {[%emt 0:00:00]} 7. d3 {[%emt 0:00:00]} Re8 {[%emt 0:00:00]} 8. O-O {[%emt 0:00:00]} c5 {[%emt 0:00:00]} 9. Nc3 {[%emt 0:00:01]} Nc6 {[%emt 0:00:00]} 10. Qd2 {[%emt 0:00:00]} h6 {[%emt 0:00:01]} 11. Ne1 {[%emt 0:00:02]} Kh7 {[%emt 0:00:01]} 12. Nc2 {[%emt 0:00:00]} Nd4 {[%emt 0:00:01]} 13. Ne3 {[%emt 0:00:04]} Be6 {[%emt 0:00:01]} 14. Ned5 {[%emt 0:00:00]} Nxd5 {[%emt 0:00:01]} 15. Nxd5 {[%emt 0:00:00]} f5 {[%emt 0:00:01]} 16. e3 {[%emt 0:00:00]} Nc6 {[%emt 0:00:01]} 17. f4 {[%emt 0:00:02]} exf4 {[%emt 0:00:03]} 18. Nxf4 {[%emt 0:00:07]} Ne5 {[%emt 0:00:04]} 19. Rae1 {[%emt 0:00:01]} Bf7 {[%emt 0:00:01]} 20. h3 {[%emt 0:00:01]} Re7 {[%emt 0:00:02]} 21. Nd5 {[%emt 0:00:02]} Bxd5 {[%emt 0:00:01]} 22. cxd5 {[%emt 0:00:01]} Qh8 {[%emt 0:00:01]} 23. Kh1 {[%emt 0:00:02]} Rae8 {[%emt 0:00:01]} 24. e4 {[%emt 0:00:00]} fxe4 {[%emt 0:00:01]} 25. Bxe4 {[%emt 0:00:00]} Nd7 {[%emt 0:00:01]} 26. Bxg7 {[%emt 0:00:02]} Qxg7 {[%emt 0:00:01]} 27. Qf4 {[%emt 0:00:01]} Ne5 {[%emt 0:00:01]} 28. Qh4 {[%emt 0:00:02]} Rf7 {[%emt 0:00:01]} 29. Rxf7 {[%emt 0:00:01]} Qxf7 {[%emt 0:00:01]} 30. Kg2 {[%emt 0:00:00]} Rf8 {[%emt 0:00:01]} 31. g4 {[%emt 0:00:04]} Kg7 {[%emt 0:00:03]} 32. Qg3 {[%emt 0:00:01]} g5 {[%emt 0:00:01]} 33. Qe3 {[%emt 0:00:01]} Qf4 {[%emt 0:00:01]} 34. Qxf4 {[%emt 0:00:01]} Rxf4 {[%emt 0:00:00]} 35. a4 {[%emt 0:00:01]} a5 {[%emt 0:00:01]} 36. Kg3 {[%emt 0:00:02]} Ng6 {[%emt 0:00:01]} 37. Bxg6 {[%emt 0:00:02]} Kxg6 {[%emt 0:00:00]} 38. Re7 {[%emt 0:00:01]} Rf6 {[%emt 0:00:00]} 39. Rxb7 {[%emt 0:00:01]} Rf1 {[%emt 0:00:01]} 40. Rb5 {[%emt 0:00:01]} Rd1 {[%emt 0:00:01]} 41. Rxa5 {[%emt 0:00:00]} Rxd3+ {[%emt 0:00:00]} 42. Kg2 {[%emt 0:00:00]} Rxb3 {[%emt 0:00:01]} 43. Ra6 {[%emt 0:00:00]} Kf6 {[%emt 0:00:00]} 44. Rxd6+ {[%emt 0:00:00]} Ke5 {[%emt 0:00:00]} 45. Rxh6 {[%emt 0:00:01]} Kxd5 {[%emt 0:00:01]} 46. Rg6 {[%emt 0:00:00]} c4 {[%emt 0:00:00]} 47. Rxg5+ {[%emt 0:00:00]} Kd4 {[%emt 0:00:01]} 48. Rg8 {[%emt 0:00:00]} Rb2+ {[%emt 0:00:00]} 49. Kg3 {[%emt 0:00:01]} Rb3+ {[%emt 0:00:00]} 50. Kf4 {[%emt 0:00:01]} Rb4 {[%emt 0:00:01]} 51. Rd8+ {[%emt 0:00:00]} Kc3 {[%emt 0:00:00]} 52. Rc8 {[%emt 0:00:00]} Kb3 {[%emt 0:00:00]} 53. g5 {[%emt 0:00:00]} c3+ {[%emt 0:00:00]} 54. Kf5 {[%emt 0:00:00]} Rxa4 {[%emt 0:00:01]} 55. Rxc3+ {[%emt 0:00:01]} Kxc3 {[%emt 0:00:01]} 56. g6 {[%emt 0:00:00]} Ra5+ {[%emt 0:00:00]} 57. Kf6 {[%emt 0:00:01]} Ra6+ {[%emt 0:00:00]} 58. Kg5 {[%emt 0:00:00]} Ra7 {[%emt 0:00:00]} 59. h4 {[%emt 0:00:01]} Kd4 {[%emt 0:00:00]} 60. h5 {[%emt 0:00:00]} Ke5 {[%emt 0:00:00]} 61. h6 {[%emt 0:00:01]} Ra1 {[%emt 0:00:00]} 62. h7 {[%emt 0:00:00]} Rg1+ {[%emt 0:00:00]} 63. Kh6 {[%emt 0:00:00]} Rh1+ {[%emt 0:00:01]} 64. Kg7 {[%emt 0:00:00]} Kf5 {[%emt 0:00:00]} 65. h8=Q {[%emt 0:00:00]} Rc1 {[%emt 0:00:01]} 66. Qf8+ {[%emt 0:00:01]} Kg4 {[%emt 0:00:01]} 67. Qf6 {[%emt 0:00:01]} Rc7+ {[%emt 0:00:00]} 68. Qf7 {[%emt 0:00:00]} Rc4 {[%emt 0:00:01]} 69. Kf8 {[%emt 0:00:00]} Rc8+ {[%emt 0:00:01]} 70. Qe8 {[%emt 0:00:00]} Rc4 {[%emt 0:00:01]} 71. g7 {[%emt 0:00:00]} Rf4+ {[%emt 0:00:00]} 72. Qf7 {[%emt 0:00:00]} Rf5 {[%emt 0:00:01]} 73. g8=Q+ {[%emt 0:00:00]} Kf3 {[%emt 0:00:01]} 74. Qxf5+ {[%emt 0:00:00]} Ke3 {[%emt 0:00:00]} 75. Qge6+ {[%emt 0:00:00]} Kd2 {[%emt 0:00:00]} 76. Qfd5+ {[%emt 0:00:00]} Kc1 {[%emt 0:00:01]} 77. Qec6+ {[%emt 0:00:00]} Kb2 {[%emt 0:00:00]} 78. Qdb5+ {[%emt 0:00:00]} Ka1 {[%emt 0:00:00]} 79. Qca6# {[%emt 0:00:00] (Lag: Av=0.44s, max=1.0s) (Lag: Av=0.44s, max=1.0s) (Lag: Av=0.44s, max=1.0s)} 1-0